مكتبة جامعة عجلون الوطنية

فهرس بحث المكتبة

مستوى اليقظة العقلية وعلاقتها بالثبات الانفعالي لدى طلبة ذوي صعوبات التعلم = The Level of Mental Alertness and its Relationship to Emotional Stability Among Students with Learning Disabilities / (Record no. 33700)

MARC details
000 -LEADER
fixed length control field 01186nam a22002057a 4500
003 - CONTROL NUMBER IDENTIFIER
control field JO-AjAnu
005 - DATE AND TIME OF LATEST TRANSACTION
control field 20240918124902.0
008 - FIXED-LENGTH DATA ELEMENTS--GENERAL INFORMATION
fixed length control field 240918b jo ||||| |||| 00| 0 ara d
040 ## - CATALOGING SOURCE
Original cataloging agency JO-AjAnu
Language of cataloging ara
Transcribing agency JO-AjAnu
Description conventions rda
041 ## - LANGUAGE CODE
Language code of text/sound track or separate title ara
Language code of original ara
050 ## - LIBRARY OF CONGRESS CALL NUMBER
Classification number BF637
Item number 2024
100 #1 - MAIN ENTRY--PERSONAL NAME
Personal name النعيمات، امل عبدالله عطية
Relator term معد
9 (RLIN) 66236
245 #0 - TITLE STATEMENT
Title مستوى اليقظة العقلية وعلاقتها بالثبات الانفعالي لدى طلبة ذوي صعوبات التعلم = The Level of Mental Alertness and its Relationship to Emotional Stability Among Students with Learning Disabilities /
Statement of responsibility, etc. اعداد امل عبدالله عطية النعيمات ؛ اشراف ريم عبدالله الكناني
260 ## - PUBLICATION, DISTRIBUTION, ETC.
Date of publication, distribution, etc. 2024
300 ## - PHYSICAL DESCRIPTION
Extent 83 ورقة
504 ## - BIBLIOGRAPHY, ETC. NOTE
Bibliography, etc. note رسالة جامعية(رسالة ماجستير في صعةبات التعلم)(جامعة عجلون الوطنية) عجلون، الاردن، كلية العلوم التربوية، 2024.
650 70 - SUBJECT ADDED ENTRY--TOPICAL TERM
Topical term or geographic name entry element اليقظة العقلية-الثبات الانفعالي-علم النفس
9 (RLIN) 66238
700 #1 - ADDED ENTRY--PERSONAL NAME
Personal name الكناني، ريم عبدالله
Relator term مشرف
9 (RLIN) 64923
942 ## - ADDED ENTRY ELEMENTS (KOHA)
Source of classification or shelving scheme Library of Congress Classification
Koha item type Thesis
Suppress in OPAC No
Holdings
Withdrawn status Lost status Source of classification or shelving scheme Damaged status Not for loan Home library Current library Date acquired Total Checkouts Full call number Barcode Date last seen Price effective from Koha item type
    Library of Congress Classification     مكتبة جامعة عجلون الوطنية مكتبة جامعة عجلون الوطنية 18/09/2024   BF637 2024 a30047 18/09/2024 18/09/2024 Thesis
    Library of Congress Classification     مكتبة جامعة عجلون الوطنية مكتبة جامعة عجلون الوطنية 18/09/2024   BF637 2024 a30046 18/09/2024 18/09/2024 Thesis